| 000 | 00510cam a22001697a 4500 | ||
|---|---|---|---|
| 008 | 180718b2001 xxu||||| |||| 00| 0 eng d | ||
| 082 | _aJ7x54 M697 | ||
| 100 | _aMittal, A.C. | ||
| 245 |
_aPlanning for urban and economic development _cby A.C. Mittal |
||
| 260 |
_aNew Delhi _bMittal _c2001 |
||
| 300 | _a2 pts. | ||
| 500 | _aContents:pt.1.360p;pt.2.624p. | ||
| 650 | _aIndia - Economic policy | ||
| 650 | _aEconomic development - India | ||
| 650 | _aUrbanization - India | ||
| 650 | _aCity planning - India | ||
| 999 |
_c399231 _d399231 |
||